000 00512nam a22001817a 4500
005 20251108164038.0
008 250721s1997 xx 000 0 ara d
082 1 4 _a811.962/سلي
100 1 _aسليمان، محمد
245 1 0 _aأعشاب صالحة للمضغ /
264 1 _aالقاهرة :
_bالهيئة المصرية العامة،
_c1997.
300 _a131ص
650 1 7 _aالأدب العربي
650 1 7 _aالشعر العربي
650 1 7 _aمصر
942 _2ddc
_cBK
999 _c2237
_d2237